Normal view MARC view

Entry Personal Name

Number of records used in: 1

001 - CONTROL NUMBER

  • control field: 1239937

003 - CONTROL NUMBER IDENTIFIER

  • control field: OSt

005 - DATE AND TIME OF LATEST TRANSACTION

  • control field: 20260514122659.0

008 - FIXED-LENGTH DATA ELEMENTS

  • fixed length control field: 260514|| aca||aabn | a|a d

040 ## - CATALOGING SOURCE

  • Original cataloging agency: OSt
  • Transcribing agency: OSt

100 ## - HEADING--PERSONAL NAME

  • Personal name: Dr.T.K. Mishra

670 ## - SOURCE DATA FOUND

  • Source citation: Work cat.: (OSt)1851616: Kadam Dr.Preeti 1239934, Study of Clinical and Metabolic Profile of Neonatal Encephalopathy.
Copyright @ Delhi University Library System